Pokémon 3ème génération FR - Statistiques

Statistiques générales
  • Ce quiz a été pris 31 236 fois
  • Le résultat moyen est 91 sur 135
Statistiques - réponses
Hint Réponse % Correct
004 Poussifeu
98%
001 Arcko
97%
007 Gobou
96%
006 Brasegali
95%
005 Galifeu
94%
132 Groudon
94%
131 Kyogre
93%
003 Jungko
92%
009 Laggron
92%
002 Massko
92%
133 Rayquaza
92%
008 Flobio
90%
014 Chenipotte
84%
135 Deoxys
84%
012 Zigzaton
84%
010 Medhyena
83%
026 Heledelle
82%
134 Jirachi
82%
013 Lineon
82%
025 Nirondelle
82%
015 Armulys
81%
011 Grahyena
81%
129 Latias
81%
130 Latios
81%
017 Blindalys
80%
031 Gardevoir
80%
018 Papinox
80%
127 Regice
80%
126 Regirock
80%
128 Registeel
80%
016 Charmillon
79%
120 Draby
79%
122 Drattak
79%
029 Tarsal
79%
030 Kirlia
77%
058 Dynavolt
76%
059 Elecsprint
76%
072 Camerupt
75%
125 Metalosse
75%
028 Bekipan
74%
027 Goelise
74%
124 Metang
74%
021 Ludicolo
73%
019 Nenupiot
73%
038 Monaflemit
72%
061 Negapi
72%
036 Parecool
72%
060 Posipi
72%
024 Tengalice
72%
123 Terhal
72%
098 Barpau
71%
022 Grainipiot
71%
079 Libegon
71%
020 Lombre
71%
023 Pifeuil
71%
068 Sharpedo
71%
070 Wailord
71%
071 Chamallot
70%
053 Galekid
70%
055 Galeking
70%
099 Milobellus
70%
069 Wailmer
70%
083 Altaria
69%
054 Galegon
69%
077 Kraknoix
69%
073 Chartor
68%
087 Solaroc
68%
037 Vigoroth
68%
046 Hariyama
67%
086 Seleroc
67%
103 Branette
66%
045 Makuhita
66%
082 Tylton
66%
067 Carvanha
65%
121 Drackhaus
65%
104 Skelenox
64%
078 Vibraninf
64%
042 Chuchmur
63%
114 Kaimorse
63%
111 Oniglali
63%
085 Seviper
63%
048 Tarinor
63%
105 Teraclope
63%
097 Armaldo
62%
057 Charmina
62%
094 Lilia
62%
084 Mangriff
62%
112 Obalie
62%
110 Stalgamin
62%
106 Tropius
62%
044 Brouhabam
61%
115 Coquiperl
61%
113 Phogleur
61%
102 Polichombr
61%
034 Balignon
60%
035 Chapignon
60%
118 Relicanth
60%
051 Tenefix
60%
108 Absol
59%
043 Ramboum
59%
116 Serpang
59%
095 Vacilys
59%
096 Anorith
58%
056 Meditikka
57%
117 Rosabyss
57%
081 Cacturne
55%
041 Munja
55%
040 Ninjask
55%
076 Spinda
55%
080 Cacnea
54%
093 Kaorine
54%
092 Balbuto
53%
039 Ningale
53%
049 Skitty
53%
050 Delcatty
52%
101 Kecleon
52%
100 Morpheo
51%
064 Roselia
51%
032 Arakdo
50%
052 Mysdibule
50%
119 Lovdisc
49%
066 Avaltout
46%
065 Gloupti
46%
033 Maskadra
46%
090 Ecrapince
45%
047 Azurill
43%
107 Eoko
43%
074 Spoink
43%
089 Barbicha
42%
091 Colhomard
42%
075 Groret
41%
063 Lumivole
41%
088 Barloche
40%
062 Muciole
40%
109 Okeoke
39%
Aucun quiz correspondant
Distribution des résultats
% des personnes avec chaque résultat
Percentile par nombre de réponses
Votre historique - résultats
Vous n’avez pas pris ce quiz